<?xml version="1.0" encoding="UTF-8"?>
<record
    xmlns:xsi="http://www.w3.org/2001/XMLSchema-instance"
    xsi:schemaLocation="http://www.loc.gov/MARC21/slim http://www.loc.gov/standards/marcxml/schema/MARC21slim.xsd"
    xmlns="http://www.loc.gov/MARC21/slim">

  <leader>01252nam a2200313 i 4500</leader>
  <datafield tag="999" ind1=" " ind2=" ">
    <subfield code="c">22661</subfield>
    <subfield code="d">22661</subfield>
  </datafield>
  <controlfield tag="001">C00609977</controlfield>
  <controlfield tag="003">OSt</controlfield>
  <controlfield tag="005">20230103101615.0</controlfield>
  <controlfield tag="007">ta</controlfield>
  <controlfield tag="008">220803s2021    pe     gr     000 0 spa</controlfield>
  <datafield tag="040" ind1=" " ind2=" ">
    <subfield code="a">pelibn </subfield>
    <subfield code="b">spa </subfield>
    <subfield code="e">rda </subfield>
    <subfield code="c">pelibn</subfield>
  </datafield>
  <datafield tag="041" ind1=" " ind2=" ">
    <subfield code="a">spa</subfield>
  </datafield>
  <datafield tag="082" ind1=" " ind2=" ">
    <subfield code="a">378.199/H83</subfield>
  </datafield>
  <datafield tag="100" ind1="1" ind2=" ">
    <subfield code="a">Huam&#xE1;n, Miguel &#xC1;ngel,</subfield>
    <subfield code="d">1954-,</subfield>
    <subfield code="e">autor.</subfield>
    <subfield code="9">48806</subfield>
  </datafield>
  <datafield tag="245" ind1="1" ind2="4">
    <subfield code="a">Hacia la universidad de la investigaci&#xF3;n :</subfield>
    <subfield code="b">una perspectiva interdisciplinaria en las humanidades /</subfield>
    <subfield code="c">Miguel &#xC1;ngel Huam&#xE1;n Villavicencio.</subfield>
  </datafield>
  <datafield tag="250" ind1=" " ind2=" ">
    <subfield code="a">Primera edici&#xF3;n.</subfield>
  </datafield>
  <datafield tag="264" ind1="3" ind2="1">
    <subfield code="a">Lima :</subfield>
    <subfield code="b">Dedo Cr&#xED;tico Editores ;</subfield>
    <subfield code="b">Universidad Nacional Mayor de San Marcos,</subfield>
    <subfield code="c">2017.</subfield>
  </datafield>
  <datafield tag="300" ind1=" " ind2=" ">
    <subfield code="a">102 p&#xE1;ginas ;</subfield>
    <subfield code="b">diagrs. ;</subfield>
    <subfield code="c">18 cm.</subfield>
  </datafield>
  <datafield tag="650" ind1=" " ind2=" ">
    <subfield code="a">Educaci&#xF3;n superior</subfield>
    <subfield code="9">48813</subfield>
  </datafield>
  <datafield tag="650" ind1=" " ind2=" ">
    <subfield code="a">Aproximaci&#xF3;n interdisciplinaria en educaci&#xF3;n</subfield>
    <subfield code="9">48814</subfield>
  </datafield>
  <datafield tag="650" ind1=" " ind2=" ">
    <subfield code="a">Humanidades</subfield>
    <subfield code="9">641</subfield>
  </datafield>
  <datafield tag="700" ind1=" " ind2=" ">
    <subfield code="a">Valenzuela, Jorge</subfield>
    <subfield code="e">presentador</subfield>
    <subfield code="9">48815</subfield>
  </datafield>
  <datafield tag="710" ind1=" " ind2=" ">
    <subfield code="a">Universidad Nacional Mayor de San Marcos (Lima)</subfield>
    <subfield code="9">48816</subfield>
  </datafield>
  <datafield tag="942" ind1=" " ind2=" ">
    <subfield code="2">ddc</subfield>
    <subfield code="c">LIBROS</subfield>
  </datafield>
  <datafield tag="952" ind1=" " ind2=" ">
    <subfield code="0">0</subfield>
    <subfield code="1">0</subfield>
    <subfield code="2">ddc</subfield>
    <subfield code="4">0</subfield>
    <subfield code="7">0</subfield>
    <subfield code="a">SH</subfield>
    <subfield code="b">SH</subfield>
    <subfield code="c">CART</subfield>
    <subfield code="d">2023-01-03</subfield>
    <subfield code="e">Donaci&#xF3;n</subfield>
    <subfield code="g">10.00</subfield>
    <subfield code="o">378.199/H83</subfield>
    <subfield code="p">SH0000016501</subfield>
    <subfield code="r">2023-01-03</subfield>
    <subfield code="w">2023-01-03</subfield>
    <subfield code="y">LIBROS</subfield>
  </datafield>
</record>
